Indian and western philosophy / (Record no. 40325)

MARC details
000 -LEADER
fixed length control field 00630nam a22001937a 4500
005 - DATE AND TIME OF LATEST TRANSACTION
control field 20100809123826.0
010 ## - LCCN (DPL NO)
LC control number ENG-99135
020 ## - INTERNATIONAL STANDARD BOOK NUMBER
International Standard Book Number 8176483362
Terms of availability 695.00
035 ## - SYSTEM CONTROL NUMBER
System control number EN-82667
037 ## - SOURCE OF ACQUISITION
Source of stock number/acquisition DBAD/PUB
082 ## - DEWEY DECIMAL CLASSIFICATION NUMBER
Classification number 181
100 ## - MAIN ENTRY--PERSONAL NAME
Personal name Choudhury, J M
245 ## - TITLE STATEMENT
Title Indian and western philosophy /
Statement of responsibility, etc by J M Choudhury
260 ## - PUBLICATION, DISTRIBUTION, ETC. (IMPRINT)
Place of publication, distribution, etc New Delhi
Name of publisher, distributor, etc A P H Publishing
Date of publication, distribution, etc 2002
270 ## - ADDRESS
Address 5 Ansari Road Darya Ganj
City New Delhi
Postal code 110002
300 ## - PHYSICAL DESCRIPTION
Extent xii,314p
Dimensions 21cm(Hb)
942 ## - ADDED ENTRY ELEMENTS (KOHA)
Source of classification or shelving scheme Dewey Decimal Classification
Item type English Books
Classification part 181
Call number suffix CHO
Holdings
Withdrawn status Lost status Not for loan Collection code Home library Current library Date acquired Source of acquisition Cost, normal purchase price Full call number Barcode Copy number Cost, replacement price Koha item type
    Not For Loan Non-fiction D.B.Act.Division D.B.Act.Division 09/08/2010 DBAD/PUB 695.00 181 CHO EN-82667 1 695.00 English Books

© Delhi Public Library
Hit Counter
free hit counter